Online
Catalog
Normal view MARC view

Entry Nombre personal

Number of records used in: 5

001 - NÚMERO DE CONTROL

  • campo de control: 77576

003 - IDENTIFICADOR DEL NÚMERO DE CONTROL

  • campo de control: BNPHU

005 - FECHA Y HORA DE LA ÚLTIMA TRANSACCIÓN

  • campo de control: 20240305120051.0

008 - DATOS DE LONGITUD FIJA

  • campo de control de longitud fija: 201211|| aca||aabn | a|a d

040 ## - FUENTE DE LA CATALOGACIÓN

  • Centro catalogador/agencia de origen: DO-SdBNP
  • Lengua de catalogación: spa
  • Centro/agencia transcriptor: BNPHU
  • Normas de descripción: rda

100 1# - ENCABEZAMIENTO-NOMBRE DE PERSONA

  • Nombre de persona: Báez, Buenaventura,
  • Fechas asociadas al nombre: 1812 -1944

370 ## - LUGAR ASOCIADO

  • Lugar de nacimiento: Rincón, hoy Cabral (República Dominicana)

372 ## - CAMPO DE ACTIVIDAD

  • Campo de actividad: Militar
  • Campo de actividad: Político
  • Campo de actividad: Presidente

375 ## - GÉNERO/SEXO

  • Género/Sexo: Masculino

377 ## - LENGUA/LENGUAJE ASOCIADO

  • Código del idioma: Español

400 1# - TRAZADO DE VÉASE--NOMBRE DE PERSONA

  • Enlace: Báez Mendez, Buenaventura,
  • Fechas asociadas al nombre: 1812-1884

670 ## - FUENTE DE DATOS ENCONTRADOS

  • Cita de la fuente: Work cat.: (OSt)31880: Martínez, Rufino 38668, Hombres dominicanos :, 1985

670 ## - FUENTE DE DATOS ENCONTRADOS

  • Cita de la fuente: Papeles de Buenaventura Báez, 1969

670 ## - FUENTE DE DATOS ENCONTRADOS

  • Cita de la fuente: Cassá, Roberto. Dictadores dominicanos del siglo XIX. Santo Domingo ; Archivo General de la Nación, 2008

Powered by Koha